[Event "39. Torneo de Ajedrez Villa de Mislata"]
[Site "Mislata ESP"]
[Date "2005.08.22"]
[Round "5.11"]
[White "Torres Sanchez, Jose"]
[Black "Jordan Arenas, Manuel"]
[Result "1-0"]
[WhiteElo "2283"]
[BlackElo "2151"]
[PlyCount "107"]
[EventDate "2005.08.18"]
[EventType "swiss"]
[EventRounds "9"]
[EventCountry "ESP"]
[Source "lmi"]
[SourceDate "2005.08.27"]

1. d4 Nf6 2. Nf3 g6 3. Bg5 Bg7 4. c3 d6 5. Nbd2 h6 6. Bh4 Bf5 7. Bxf6 Bxf6 8.
e4 Bd7 9. Be2 O-O 10. O-O Nc6 11. b4 Bg7 12. b5 Na5 13. h3 e5 14. dxe5 dxe5 15.
Nc4 Nxc4 16. Bxc4 Re8 17. Qb3 Be6 18. Rfd1 Qe7 19. Bxe6 Qxe6 20. Qxe6 Rxe6 21.
Rd7 Rc8 22. Rad1 Kf8 23. Rd8+ Rxd8 24. Rxd8+ Re8 25. Rd5 Re7 26. Kf1 Ke8 27.
Ke2 Rd7 28. Rc5 f6 29. Nh4 Bf8 30. Rc4 Kf7 31. g4 Be7 32. Nf3 Ke6 33. Nd2 Bd6
34. Nb3 Rd8 35. Ra4 Ra8 36. c4 b6 37. Ra6 Bb4 38. c5 Ke7 39. c6 Kd6 40. Ra4 Bc5
41. Nd2 Bd4 42. Nb3 Bc5 43. Ra6 Bb4 44. Kd3 Bc5 45. f3 Bf2 46. Kc4 Be3 47. Ra3
Bf4 48. Na1 a6 49. Rd3+ Ke6 50. Nc2 axb5+ 51. Kb3 Ra7 52. Rd7 Ra4 53. Nb4 Be3
54. Nd5 1-0

[Event "39. Torneo de Ajedrez Villa de Mislata"]
[Site "Mislata ESP"]
[Date "2005.08.22"]
[Round "5.12"]
[White "Cubedo Caño, Pablo"]
[Black "Pallardo Lozoya, Jose Vicente"]
[Result "1/2-1/2"]
[WhiteElo "2117"]
[BlackElo "2278"]
[PlyCount "81"]
[EventDate "2005.08.18"]
[EventType "swiss"]
[EventRounds "9"]
[EventCountry "ESP"]
[Source "lmi"]
[SourceDate "2005.08.27"]

1. d4 e6 2. c4 Nf6 3. Nc3 Bb4 4. Qc2 c5 5. e3 b6 6. Be2 Nc6 7. Nf3 O-O 8. O-O
Bb7 9. b3 Rc8 10. a3 Bxc3 11. Qxc3 d5 12. dxc5 Ne4 13. Qc2 Nxc5 14. Rd1 Qe7 15.
cxd5 exd5 16. b4 Ne4 17. Qb3 Rfd8 18. Bb2 a5 19. bxa5 Nxa5 20. Qxb6 Nc4 21. Qd4
f6 22. Bc3 Qc7 23. Bb4 Ne5 24. Ne1 h5 25. Bxh5 Ba6 26. Bf3 Nxf3+ 27. Nxf3 Be2
28. Rdb1 Bxf3 29. gxf3 Nxf2 30. Rc1 Nh3+ 31. Kg2 Qd7 32. Rxc8 Rxc8 33. Rd1 Rc2+
34. Rd2 Ng5 35. Qg4 Rxd2+ 36. Bxd2 Qb5 37. Kf2 Qd3 38. Qd4 Qf5 39. Qg4 Qd3 40.
Qd4 Qf5 41. Qg4 1/2-1/2

[Event "39. Torneo de Ajedrez Villa de Mislata"]
[Site "Mislata ESP"]
[Date "2005.08.22"]
[Round "5.14"]
[White "Megias Chafer, Alejandro"]
[Black "Vallejo Diaz, Jesus"]
[Result "0-1"]
[WhiteElo "2111"]
[BlackElo "2255"]
[PlyCount "86"]
[EventDate "2005.08.18"]
[EventType "swiss"]
[EventRounds "9"]
[EventCountry "ESP"]
[Source "lmi"]
[SourceDate "2005.08.27"]

1. e4 c5 2. Nf3 e6 3. d4 cxd4 4. Nxd4 a6 5. c4 Nf6 6. Nc3 Qc7 7. Be2 b6 8. Be3
Bb7 9. f3 d6 10. O-O Be7 11. Rc1 Nbd7 12. Qe1 O-O 13. Qg3 Kh8 14. Rfd1 Rac8 15.
a3 Qb8 16. b4 Bd8 17. Nb3 Bc7 18. Qh3 Rfe8 19. Bd4 Rg8 20. Nd2 g5 21. Nf1 Ne5
22. Bxe5 dxe5 23. Ne3 Rcd8 24. Ng4 Nxg4 25. fxg4 Rd4 26. Qf3 Rg7 27. Bd3 Qd8
28. Ne2 Bxe4 29. Nxd4 Bxf3 30. Nxf3 Qc8 31. Bf1 e4 32. Nd4 Bf4 33. Rc2 Qd8 34.
c5 bxc5 35. bxc5 Be3+ 36. Kh1 Bxd4 37. c6 f6 38. Bxa6 Rc7 39. Bb7 e5 40. a4 Qd5
41. Rb1 e3 42. Ba8 Qe4 43. Rbc1 e2 0-1

[Event "39. Torneo de Ajedrez Villa de Mislata"]
[Site "Mislata ESP"]
[Date "2005.08.22"]
[Round "5.15"]
[White "Morejon Rodriguez, Eduardo"]
[Black "Penades Ordaz, Victor"]
[Result "1/2-1/2"]
[WhiteElo "2103"]
[BlackElo "2207"]
[PlyCount "112"]
[EventDate "2005.08.18"]
[EventType "swiss"]
[EventRounds "9"]
[EventCountry "ESP"]
[Source "lmi"]
[SourceDate "2005.08.27"]

1. d4 Nf6 2. Nf3 g6 3. g3 c5 4. dxc5 Qa5+ 5. Nc3 Qxc5 6. Bg2 Bg7 7. O-O O-O 8.
a4 a6 9. Be3 Qc7 10. a5 d6 11. Qd2 Re8 12. Bb6 Qd7 13. Ng5 d5 14. Rfd1 e6 15.
e4 h6 16. Nf3 Nxe4 17. Nxe4 dxe4 18. Qe3 Qe7 19. Qxe4 Bxb2 20. Ne5 Bxe5 21.
Qxe5 Nd7 22. Rxd7 Bxd7 23. Bxb7 f6 24. Qe4 f5 25. Qe5 Rac8 26. Bd4 Kh7 27. Bxc8
Rxc8 28. Rb1 Bc6 29. Rb6 g5 30. Rxa6 Rc7 31. Rb6 Bd5 32. Rb8 Rxc2 33. Rb1 Qc7
34. Qxc7+ Rxc7 35. Ra1 Rc4 36. Be5 f4 37. a6 Kg6 38. a7 Ba8 39. gxf4 gxf4 40.
Kf1 Kf5 41. Bd6 f3 42. Ke1 Ke4 43. Rb1 Rc6 44. Rb8 Rxd6 45. Rxa8 Ra6 46. Re8
Rxa7 47. Rxe6+ Kf4 48. Rxh6 Ra1+ 49. Kd2 Ra2+ 50. Ke1 Re2+ 51. Kf1 Ra2 52. Ke1
Ra1+ 53. Kd2 Rf1 54. Rf6+ Ke4 55. Re6+ Kf5 56. Re1 Rxf2+ 1/2-1/2

[Event "39. Torneo de Ajedrez Villa de Mislata"]
[Site "Mislata ESP"]
[Date "2005.08.23"]
[Round "6.1"]
[White "Cabrera, Alexis"]
[Black "Garcia Fernandez, Carlos"]
[Result "1-0"]
[WhiteElo "2500"]
[BlackElo "2349"]
[PlyCount "129"]
[EventDate "2005.08.18"]
[EventType "swiss"]
[EventRounds "9"]
[EventCountry "ESP"]
[Source "lmi"]
[SourceDate "2005.08.27"]

1. e4 d6 2. d4 Nf6 3. Bd3 c5 4. dxc5 dxc5 5. e5 c4 6. Be2 Qa5+ 7. Nc3 Qxe5 8.
Nf3 Qc7 9. Qd4 Nc6 10. Qxc4 e5 11. Nb5 Qe7 12. Bg5 a6 13. Nc3 Qb4 14. O-O-O Be6
15. Qxb4 Bxb4 16. Bxf6 gxf6 17. Nd5 O-O-O 18. Nxb4 Nxb4 19. a3 Nc6 20. Rxd8+
Rxd8 21. Rd1 Rg8 22. g3 Kc7 23. Re1 h6 24. Bd3 Rd8 25. Re3 a5 26. Bb5 Kb6 27.
Bxc6 bxc6 28. Nd2 c5 29. Ne4 f5 30. Nf6 e4 31. Nh5 Kc6 32. Nf4 c4 33. Re2 Rb8
34. Rd2 c3 35. bxc3 Ba2 36. Rd1 Kc5 37. Kd2 Bc4 38. Ke3 Rb2 39. Rd7 Rxc2 40.
Rc7+ Kb5 41. a4+ Kxa4 42. Rxc4+ Kb3 43. Rc7 Rxc3+ 44. Rxc3+ Kxc3 45. Nd5+ Kc4
46. Nb6+ Kb4 47. Nc8 a4 48. Kd2 a3 49. Kc2 a2 50. Kb2 Kc4 51. Nd6+ Kd3 52. Nxf5
h5 53. h4 Ke2 54. g4 hxg4 55. h5 Kxf2 56. h6 e3 57. Nxe3 Kxe3 58. h7 f5 59.
h8=Q a1=Q+ 60. Kxa1 f4 61. Qh5 Kf3 62. Kb2 Kg3 63. Kc2 f3 64. Kd2 Kf4 65. Qh2+
1-0

[Event "39. Torneo de Ajedrez Villa de Mislata"]
[Site "Mislata ESP"]
[Date "2005.08.23"]
[Round "6.2"]
[White "Veingold, Aleksandr"]
[Black "Ortega Hermida, Daniel"]
[Result "1/2-1/2"]
[WhiteElo "2465"]
[BlackElo "2396"]
[PlyCount "102"]
[EventDate "2005.08.18"]
[EventType "swiss"]
[EventRounds "9"]
[EventCountry "ESP"]
[Source "lmi"]
[SourceDate "2005.08.27"]

1. d4 Nf6 2. Nf3 g6 3. c4 Bg7 4. Nc3 O-O 5. e4 d6 6. Be2 c5 7. O-O Nc6 8. d5
Na5 9. h3 e5 10. a3 b6 11. b4 Nb7 12. Nd2 Nd7 13. Nb3 f5 14. exf5 gxf5 15. f4
exf4 16. Qc2 f3 17. Bxf3 Ne5 18. Be2 Bd7 19. b5 Qc7 20. Bd2 Nd8 21. Rae1 Ndf7
22. Nd1 Rae8 23. Ne3 Nh6 24. g3 Ng6 25. Ng2 f4 26. Nxf4 Nxf4 27. Rxf4 Rxf4 28.
Bxf4 Bxh3 29. Qd2 Nf7 30. Bf1 Rxe1 31. Qxe1 Bd7 32. Qe7 Bf8 33. Qe4 Nh8 34. Kh2
Qc8 35. Bd3 Ng6 36. Nd2 Be7 37. Nf3 Qf8 38. Bd2 Qg7 39. Bf1 Qa1 40. Bg2 Qxa3
41. Bh3 Bxh3 42. Kxh3 Qa1 43. Qe6+ Kg7 44. Kg2 Qa2 45. Qe2 Qb1 46. Bc3+ Bf6 47.
Bxf6+ Kxf6 48. Qe6+ Kg7 49. Qd7+ Kh6 50. Qh3+ Kg7 51. Qd7+ Kh6 1/2-1/2

[Event "39. Torneo de Ajedrez Villa de Mislata"]
[Site "Mislata ESP"]
[Date "2005.08.23"]
[Round "6.3"]
[White "Abreu, Aryam"]
[Black "Komljenovic, Davor"]
[Result "1/2-1/2"]
[WhiteElo "2442"]
[BlackElo "2473"]
[PlyCount "144"]
[EventDate "2005.08.18"]
[EventType "swiss"]
[EventRounds "9"]
[EventCountry "ESP"]
[Source "lmi"]
[SourceDate "2005.08.27"]

1. e4 c5 2. Nf3 d6 3. d4 cxd4 4. Nxd4 Nf6 5. Nc3 a6 6. f4 e5 7. Nf3 Nbd7 8. a4
b6 9. Bc4 Be7 10. O-O Bb7 11. Qe2 O-O 12. Kh1 Qc7 13. Nh4 Rfe8 14. fxe5 Nxe5
15. Ba2 b5 16. axb5 axb5 17. Nxb5 Qc6 18. Nf5 Nxe4 19. Ne3 Qc5 20. b4 Qxb4 21.
Ba3 Rxa3 22. Nxa3 Nc3 23. Qf2 Nxa2 24. Rxa2 Bh4 25. Qf5 g6 26. Qf4 Qxf4 27.
Rxf4 Bg5 28. Rb4 Bc6 29. Nf1 Ra8 30. Ra1 Bf6 31. c3 Nd3 32. Rc4 Bd5 33. Rc7
Nf2+ 34. Kg1 Ne4 35. Nc2 Rxa1 36. Nxa1 Bxc3 37. Nc2 Bb3 38. Ng3 Nc5 39. Ne3 Bd4
40. Kf2 Nd3+ 41. Kf3 Be6 42. Ngf1 d5 43. Ke2 Nf4+ 44. Kf3 Be5 45. Rc5 Nd3 46.
Ra5 Bc7 47. Ra7 Bb6 48. Ra6 Bc5 49. Ra5 d4 50. Nd1 Bb4 51. Rb5 Bc4 52. Rb8+ Kg7
53. Nb2 Bd5+ 54. Ke2 Nf4+ 55. Kf2 Bc3 56. g3 Nh3+ 57. Ke2 Ng5 58. Nd2 Bxd2 59.
Kxd2 Be4 60. Ke2 Nf3 61. Rb4 Kf6 62. Nd3 Kg5 63. Ne1 Nxh2 64. Rxd4 f5 65. Kf2
Ng4+ 66. Ke2 Nf6 67. Nf3+ Kg4 68. Kf2 Kh3 69. Ng5+ Kg4 70. Nf7 g5 71. Ne5+ Kh3
72. Rd6 Ng4+ 1/2-1/2

[Event "39. Torneo de Ajedrez Villa de Mislata"]
[Site "Mislata ESP"]
[Date "2005.08.23"]
[Round "6.4"]
[White "Torres Sanchez, Jose"]
[Black "Gongora, Maikel"]
[Result "0-1"]
[WhiteElo "2283"]
[BlackElo "2466"]
[PlyCount "92"]
[EventDate "2005.08.18"]
[EventType "swiss"]
[EventRounds "9"]
[EventCountry "ESP"]
[Source "lmi"]
[SourceDate "2005.08.27"]

1. d4 Nf6 2. Nf3 e6 3. Bg5 c5 4. c3 h6 5. Bxf6 Qxf6 6. e4 Nc6 7. d5 Ne5 8. Nbd2
exd5 9. exd5 Nxf3+ 10. Nxf3 Bd6 11. Qe2+ Kd8 12. O-O-O Re8 13. Qc2 a6 14. Kb1
b5 15. a4 Rb8 16. axb5 axb5 17. c4 bxc4 18. Bxc4 g5 19. h3 Bf8 20. Rd3 d6 21.
Rb3 Rxb3 22. Qxb3 Kc7 23. Bd3 Bf5 24. Bxf5 Rb8 25. Qa2 Qxf5+ 26. Ka1 Qc2 27.
Re1 Kb7 28. Re3 Ra8 29. Ra3 Rxa3 30. Qxa3 Qd1+ 31. Ka2 Qxd5+ 32. Kb1 Bg7 33.
Qe3 Qe6 34. Qa3 Qe4+ 35. Kc1 Qc4+ 36. Kd2 f5 37. Ne1 Qd4+ 38. Kc1 Qf4+ 39. Kd1
Qd4+ 40. Kc1 Be5 41. Nc2 Bf4+ 42. Ne3 Qb4 43. Qxb4+ cxb4 44. Kc2 Bxe3 45. fxe3
Kc6 46. g4 f4 0-1

[Event "39. Torneo de Ajedrez Villa de Mislata"]
[Site "Mislata ESP"]
[Date "2005.08.23"]
[Round "6.5"]
[White "Vassallo Barroche, Mauricio"]
[Black "Vallejo Diaz, Jesus"]
[Result "1/2-1/2"]
[WhiteElo "2410"]
[BlackElo "2255"]
[PlyCount "78"]
[EventDate "2005.08.18"]
[EventType "swiss"]
[EventRounds "9"]
[EventCountry "ESP"]
[Source "lmi"]
[SourceDate "2005.08.27"]

1. e4 g6 2. d4 Bg7 3. Nc3 d6 4. f4 c6 5. Nf3 Bg4 6. Be3 Qb6 7. Qd2 Bxf3 8. gxf3
Nd7 9. O-O-O Qa5 10. Kb1 b5 11. Ne2 Qxd2 12. Rxd2 Ngf6 13. Ng3 h5 14. h4 Bh6
15. Re2 Nb6 16. f5 Bxe3 17. Rxe3 Rg8 18. fxg6 Rxg6 19. Rh3 Kd7 20. b3 Rag8 21.
f4 Rg4 22. Rf3 d5 23. Bd3 dxe4 24. Nxe4 Nfd5 25. Nf2 Rg1+ 26. Kb2 b4 27. Ne4
R8g4 28. Rfg3 R4xg3 29. Rxg3 Rxg3 30. Nxg3 Nxf4 31. Be4 Ng6 32. Nxh5 Nxh4 33.
Nf4 e6 34. Nd3 f5 35. Ne5+ Kd6 36. Bxc6 Ng6 37. Nxg6 Kxc6 38. Nf4 Kd6 39. a3 a5
1/2-1/2

[Event "39. Torneo de Ajedrez Villa de Mislata"]
[Site "Mislata ESP"]
[Date "2005.08.23"]
[Round "6.6"]
[White "Garcia Roman, Daniel"]
[Black "Pavia Miralles, Jose Manuel"]
[Result "1-0"]
[WhiteElo "2390"]
[BlackElo "2268"]
[PlyCount "87"]
[EventDate "2005.08.18"]
[EventType "swiss"]
[EventRounds "9"]
[EventCountry "ESP"]
[Source "lmi"]
[SourceDate "2005.08.27"]

1. d4 d6 2. c4 e5 3. Nf3 e4 4. Ng5 f5 5. Nc3 Be7 6. Nh3 Nf6 7. Bg5 c6 8. e3 Be6
9. Nf4 Bf7 10. h4 Nbd7 11. g3 Qb6 12. Qb3 O-O-O 13. Qxb6 axb6 14. Rc1 Kb8 15.
Be2 Rde8 16. Kd2 g6 17. h5 Nxh5 18. Bxe7 Rxe7 19. Bxh5 gxh5 20. Na4 Kc7 21.
Nxh5 Rf8 22. b3 Bg8 23. Nc3 Ree8 24. Rh4 Re7 25. Rch1 Kd8 26. Rf4 Rff7 27. Ke2
Rf8 28. g4 fxg4 29. Rxg4 Kc7 30. a4 d5 31. cxd5 Bxd5 32. Nxd5+ cxd5 33. Rg5
Ref7 34. Nf4 Nf6 35. Rh6 Kd7 36. Rf5 Kc8 37. Rh2 Ng8 38. Rxf7 Rxf7 39. Nxd5 Nf6
40. Nxf6 Rxf6 41. Rxh7 Rc6 42. Kd2 Rf6 43. Re7 Rxf2+ 44. Kc3 1-0

[Event "39. Torneo de Ajedrez Villa de Mislata"]
[Site "Mislata ESP"]
[Date "2005.08.23"]
[Round "6.7"]
[White "Asensio Liñan, Teodoro"]
[Black "Kovacevic, Slobodan"]
[Result "0-1"]
[WhiteElo "2228"]
[BlackElo "2314"]
[PlyCount "66"]
[EventDate "2005.08.18"]
[EventType "swiss"]
[EventRounds "9"]
[EventCountry "ESP"]
[Source "lmi"]
[SourceDate "2005.08.27"]

1. d4 Nf6 2. c4 e6 3. Nc3 c5 4. d5 exd5 5. cxd5 d6 6. e4 g6 7. Nf3 Bg7 8. Bd3
a6 9. a4 Bg4 10. Qb3 Bxf3 11. gxf3 Qc7 12. f4 O-O 13. f5 Nbd7 14. fxg6 hxg6 15.
Bd2 Rfe8 16. f3 Rab8 17. Rc1 Nh5 18. O-O Qd8 19. f4 Qh4 20. Qd1 Bd4+ 21. Kg2 g5
22. e5 g4 23. Be1 Qh3+ 24. Kh1 dxe5 25. Rc2 exf4 26. Rg2 Ndf6 27. Bf5 f3 28.
Rgg1 Be5 29. Qd2 Bf4 30. Qf2 Re5 31. Bd3 g3 32. Rxg3+ Nxg3+ 33. Kg1 Nxf1 0-1

[Event "39. Torneo de Ajedrez Villa de Mislata"]
[Site "Mislata ESP"]
[Date "2005.08.23"]
[Round "6.8"]
[White "Alonso Moyano, Jonathan"]
[Black "Olaru, Daniel"]
[Result "1-0"]
[WhiteElo "2406"]
[BlackElo "2133"]
[PlyCount "121"]
[EventDate "2005.08.18"]
[EventType "swiss"]
[EventRounds "9"]
[EventCountry "ESP"]
[Source "lmi"]
[SourceDate "2005.08.27"]

1. e4 g6 2. d4 Bg7 3. Nc3 d6 4. Be3 a6 5. Qd2 b5 6. a3 Bb7 7. h4 Nd7 8. h5 Ngf6
9. h6 Bf8 10. f3 e6 11. g4 Nb6 12. g5 Nfd7 13. f4 Be7 14. Rh2 c5 15. d5 Qc7 16.
b3 exd5 17. Nxd5 Nxd5 18. exd5 O-O-O 19. c4 bxc4 20. bxc4 f5 21. a4 Rde8 22.
Nf3 Bd8 23. a5 Re7 24. Bd3 Kb8 25. Re2 Rhe8 26. Bc2 Ka8 27. Kf2 Nb8 28. Nh4 Bc8
29. Qc3 Rf8 30. Bd2 Rxe2+ 31. Kxe2 Re8+ 32. Kf2 Qf7 33. Re1 Rg8 34. Ba4 Bd7 35.
Qb3 Bxa4 36. Qxa4 Ka7 37. Bc3 Kb7 38. Re6 Kc7 39. Qb3 Nd7 40. Qa4 Nb8 41. Rxd6
Kxd6 42. Be5+ Ke7 43. Bxb8 Re8 44. Qc6 Kf8 45. Bd6+ Be7 46. Qxc5 Bxd6 47. Qxd6+
Qe7 48. Qxe7+ Kxe7 49. Nf3 Kd6 50. Ne5 Rb8 51. Ke3 Rb1 52. Kd4 Rd1+ 53. Nd3 Ra1
54. c5+ Kc7 55. d6+ Kc8 56. c6 Rxa5 57. Nc5 Ra1 58. d7+ Kc7 59. Ne6+ Kxc6 60.
d8=Q Rd1+ 61. Kc4 1-0

[Event "39. Torneo de Ajedrez Villa de Mislata"]
[Site "Mislata ESP"]
[Date "2005.08.23"]
[Round "6.9"]
[White "Garcia Martinez, Silvino"]
[Black "Benavent Espi, Vicente"]
[Result "1-0"]
[WhiteElo "2337"]
[BlackElo "2163"]
[PlyCount "77"]
[EventDate "2005.08.18"]
[EventType "swiss"]
[EventRounds "9"]
[EventCountry "ESP"]
[Source "lmi"]
[SourceDate "2005.08.27"]

1. e4 Nf6 2. e5 Nd5 3. d4 d6 4. c4 Nb6 5. exd6 cxd6 6. Nc3 g6 7. Be3 Bg7 8. Rc1
O-O 9. b3 e6 10. Nf3 d5 11. c5 N6d7 12. Bb5 Nc6 13. O-O Ne7 14. Bd3 b6 15. b4
bxc5 16. bxc5 e5 17. dxe5 Nxe5 18. Nxe5 Bxe5 19. Bg5 f6 20. Bh6 Re8 21. Bb5 Bd7
22. Be2 Nf5 23. Bd2 d4 24. Bc4+ Kg7 25. Nd5 Be6 26. Nf4 Bxc4 27. Rxc4 Bxf4 28.
Bxf4 Qd5 29. Qd3 Re4 30. Bd2 Rae8 31. Rc2 Rg4 32. f3 Rh4 33. Re1 Rc8 34. g3 Rh6
35. Kg2 Rh5 36. Qb3 Qc6 37. Re6 Qc7 38. Bf4 Ne3+ 39. Rxe3 1-0

[Event "39. Torneo de Ajedrez Villa de Mislata"]
[Site "Mislata ESP"]
[Date "2005.08.23"]
[Round "6.10"]
[White "Durao, Joaquim"]
[Black "Cruz Ravina, Francisco Javier"]
[Result "1/2-1/2"]
[WhiteElo "2158"]
[BlackElo "2303"]
[PlyCount "56"]
[EventDate "2005.08.18"]
[EventType "swiss"]
[EventRounds "9"]
[EventCountry "ESP"]
[Source "lmi"]
[SourceDate "2005.08.27"]

1. e4 d5 2. exd5 Nf6 3. c4 c6 4. d4 cxd5 5. Nc3 Nc6 6. Nf3 Bg4 7. Be3 e6 8. c5
e5 9. dxe5 d4 10. exf6 dxe3 11. Qxd8+ Rxd8 12. fxg7 exf2+ 13. Kxf2 Bxg7 14.
Re1+ Kf8 15. Bb5 Bxf3 16. Kxf3 Bxc3 17. bxc3 Rd5 18. Bxc6 bxc6 19. Rd1 Rxc5 20.
Rd3 Rg8 21. g3 Rgg5 22. Rb1 Rb5 23. Rxb5 Rxb5 24. Rd8+ Kg7 25. Rd2 a5 26. Ke3
Re5+ 27. Kd4 Rd5+ 28. Ke3 Re5+ 1/2-1/2

[Event "39. Torneo de Ajedrez Villa de Mislata"]
[Site "Mislata ESP"]
[Date "2005.08.23"]
[Round "6.11"]
[White "Carbonell Bofill, Carlos"]
[Black "Gomez Jurado, Luis Alberto"]
[Result "0-1"]
[WhiteElo "2156"]
[BlackElo "2292"]
[PlyCount "90"]
[EventDate "2005.08.18"]
[EventType "swiss"]
[EventRounds "9"]
[EventCountry "ESP"]
[Source "lmi"]
[SourceDate "2005.08.27"]

1. Nf3 c5 2. c3 d5 3. d4 cxd4 4. cxd4 Nc6 5. Nc3 Nf6 6. Bf4 g6 7. e3 Nh5 8. Bg5
h6 9. Bh4 Bg7 10. Rc1 O-O 11. Bb5 g5 12. Ne5 Nxe5 13. dxe5 gxh4 14. Qxh5 e6 15.
O-O Qg5 16. Qxg5 hxg5 17. f4 a6 18. Ba4 b5 19. Bb3 Bb7 20. Ne2 Rfc8 21. Rxc8+
Rxc8 22. Nd4 gxf4 23. exf4 Bf8 24. Kf2 Bc5 25. Ke3 a5 26. Rf2 Kf8 27. Rd2 Ke7
28. Bd1 f6 29. Kf3 fxe5 30. fxe5 b4 31. Kg4 Bb6 32. b3 Rf8 33. Bf3 Ba6 34. Nc2
Bc7 35. Nd4 Bxe5 36. Nc6+ Kd6 37. Nxe5 Kxe5 38. Kxh4 Kf4 39. Bg4 Rh8+ 40. Bh5
Ke3 41. Rc2 Bd3 42. Rc5 Be4 43. g4 d4 44. Re5 d3 45. Kg3 Rxh5 0-1

[Event "39. Torneo de Ajedrez Villa de Mislata"]
[Site "Mislata ESP"]
[Date "2005.08.23"]
[Round "6.12"]
[White "Pallardo Lozoya, Jose Vicente"]
[Black "Basto Auzmendi, Mario"]
[Result "1-0"]
[WhiteElo "2278"]
[BlackElo "2132"]
[PlyCount "83"]
[EventDate "2005.08.18"]
[EventType "swiss"]
[EventRounds "9"]
[EventCountry "ESP"]
[Source "lmi"]
[SourceDate "2005.08.27"]

1. e4 d5 2. exd5 Nf6 3. d4 Bg4 4. f3 Bf5 5. c4 c6 6. Qa4 e6 7. Nc3 exd5 8. c5
Be7 9. Nge2 Nbd7 10. Ng3 Bg6 11. b4 O-O 12. Be2 b6 13. Ba6 Re8 14. O-O b5 15.
Qd1 Qc7 16. a4 bxa4 17. Rxa4 Nf8 18. b5 Ne6 19. f4 Be4 20. f5 Nxc5 21. dxc5
Bxc5+ 22. Kh1 cxb5 23. Bxb5 Reb8 24. Bf4 Bd6 25. Bxd6 Qxd6 26. Ncxe4 Nxe4 27.
Nxe4 Qb6 28. Nc3 Qc5 29. Qd4 Rc8 30. Rf3 h6 31. Qxc5 Rxc5 32. Bf1 a5 33. h3 Rb8
34. Nb5 Ra8 35. Kh2 Rc1 36. f6 g5 37. Bd3 Rd1 38. Nc7 Ra7 39. Nxd5 h5 40. Ne7+
Kf8 41. Rd4 Ra8 42. Rf5 1-0

[Event "39. Torneo de Ajedrez Villa de Mislata"]
[Site "Mislata ESP"]
[Date "2005.08.23"]
[Round "6.13"]
[White "Cubedo Caño, Pablo"]
[Black "Peña Riascos, Alexander"]
[Result "1-0"]
[WhiteElo "2117"]
[BlackElo "2249"]
[PlyCount "65"]
[EventDate "2005.08.18"]
[EventType "swiss"]
[EventRounds "9"]
[EventCountry "ESP"]
[Source "lmi"]
[SourceDate "2005.08.27"]

1. d4 Nf6 2. c4 g6 3. Nc3 Bg7 4. e4 d6 5. f3 O-O 6. Bg5 Nbd7 7. Qd2 c5 8. d5 a6
9. a4 Qb6 10. Nge2 Ne5 11. Nc1 Re8 12. Be2 e6 13. a5 Qc7 14. O-O Ned7 15. dxe6
fxe6 16. Rd1 Bf8 17. Qf4 Nh5 18. Qh4 Ng7 19. f4 Nb8 20. g4 Be7 21. Bxe7 Rxe7
22. f5 Rf7 23. Rd3 gxf5 24. gxf5 Nd7 25. fxe6 Nxe6 26. Rg3+ Kh8 27. Bh5 Rf8 28.
Nd3 Nd4 29. Qe7 Rg8 30. Rxg8+ Kxg8 31. Kh1 Kh8 32. Nd5 Qc6 33. Rg1 1-0

[Event "39. Torneo de Ajedrez Villa de Mislata"]
[Site "Mislata ESP"]
[Date "2005.08.23"]
[Round "6.14"]
[White "Gimeno Higueras, Roberto"]
[Black "Galvan Huaraca, Jesus"]
[Result "1/2-1/2"]
[WhiteElo "2116"]
[BlackElo "2226"]
[PlyCount "79"]
[EventDate "2005.08.18"]
[EventType "swiss"]
[EventRounds "9"]
[EventCountry "ESP"]
[Source "lmi"]
[SourceDate "2005.08.27"]

1. e4 e5 2. Nf3 d6 3. d4 Nf6 4. dxe5 Nxe4 5. Bd3 Nc5 6. Be2 Be7 7. Nc3 c6 8.
exd6 Bxd6 9. Be3 O-O 10. Qd2 Qc7 11. Rd1 Be7 12. Bxc5 Bxc5 13. O-O Nd7 14. Qg5
Qd8 15. Qh5 Qe7 16. Bd3 g6 17. Qh6 Qf6 18. Rfe1 Bb4 19. Ne4 Qg7 20. Qxg7+ Kxg7
21. c3 Be7 22. h3 Nc5 23. Nxc5 Bxc5 24. b4 Bb6 25. Bc4 Bd8 26. Ne5 Bf6 27. f4
h5 28. Re3 Bd8 29. Kf1 Bb6 30. Re2 Bd8 31. Nd7 Rh8 32. Kg1 h4 33. Rd6 Bc7 34.
Rf6 Rf8 35. Re7 Bxd7 36. Rfxf7+ Rxf7 37. Rxf7+ Kh6 38. Rxd7 Bb6+ 39. Kf1 Rf8
40. Bf7 1/2-1/2

[Event "39. Torneo de Ajedrez Villa de Mislata"]
[Site "Mislata ESP"]
[Date "2005.08.23"]
[Round "6.15"]
[White "Penades Ordaz, Victor"]
[Black "Sanchez Raboso, Vicente"]
[Result "0-1"]
[WhiteElo "2207"]
[BlackElo "2101"]
[PlyCount "84"]
[EventDate "2005.08.18"]
[EventType "swiss"]
[EventRounds "9"]
[EventCountry "ESP"]
[Source "lmi"]
[SourceDate "2005.08.27"]

1. e4 c5 2. Nf3 d6 3. c4 e5 4. Nc3 Nc6 5. d3 g6 6. Be2 Bg7 7. Bd2 Nf6 8. O-O
O-O 9. Nd5 Nh5 10. Rb1 f5 11. Ne1 Nf4 12. Nxf4 exf4 13. Bxf4 fxe4 14. Bg3 exd3
15. Bxd3 Be6 16. b3 d5 17. cxd5 Bxd5 18. Nc2 Nd4 19. Nxd4 Bxd4 20. Qg4 Qf6 21.
Rbe1 Rf7 22. Bh4 Qc6 23. Be4 Raf8 24. Bg3 b5 25. Bxd5 Qxd5 26. Rd1 a5 27. Kh1
a4 28. bxa4 bxa4 29. Qe2 a3 30. Rd3 Qc4 31. f3 Rb7 32. Qd1 Qxa2 33. Qa4 Rb1 34.
Be1 Qf2 35. Qc4+ Rf7 36. Rxd4 Qxd4 37. Qe6 c4 38. Qe8+ Kg7 39. Qa4 Re7 40. Qa5
a2 41. Qa3 Rexe1 42. Qa7+ Qxa7 0-1

[Event "39. Torneo de Ajedrez Villa de Mislata"]
[Site "Mislata ESP"]
[Date "2005.08.23"]
[Round "6.16"]
[White "Morejon Rodriguez, Eduardo"]
[Black "Balada Moreno, Jose Luis"]
[Result "1-0"]
[WhiteElo "2103"]
[BlackElo "2206"]
[PlyCount "53"]
[EventDate "2005.08.18"]
[EventType "swiss"]
[EventRounds "9"]
[EventCountry "ESP"]
[Source "lmi"]
[SourceDate "2005.08.27"]

1. d4 g6 2. Nf3 Nf6 3. Nc3 Bg7 4. e4 d6 5. Bg5 c6 6. a4 Qa5 7. Bd2 Qc7 8. h3 e5
9. dxe5 dxe5 10. Bc4 Nbd7 11. O-O O-O 12. Be3 h6 13. a5 Nh5 14. Qd2 Nf4 15.
Rfd1 Re8 16. Qd6 Qxd6 17. Rxd6 Bf8 18. Rd2 Bb4 19. Rad1 Nf6 20. Nxe5 Ne6 21. a6
Bxc3 22. bxc3 b5 23. Bxe6 Rxe6 24. Rd8+ Kg7 25. Ng4 Nxg4 26. hxg4 Rxe4 27. R1d6
1-0

[Event "39. Torneo de Ajedrez Villa de Mislata"]
[Site "Mislata ESP"]
[Date "2005.08.24"]
[Round "7.1"]
[White "Gongora, Maikel"]
[Black "Cabrera, Alexis"]
[Result "1-0"]
[WhiteElo "2466"]
[BlackElo "2500"]
[PlyCount "71"]
[EventDate "2005.08.18"]
[EventType "swiss"]
[EventRounds "9"]
[EventCountry "ESP"]
[Source "lmi"]
[SourceDate "2005.08.27"]

1. e4 e5 2. Nf3 Nc6 3. Bb5 a6 4. Ba4 Nf6 5. O-O Be7 6. Re1 d6 7. c3 Bg4 8. h3
Bh5 9. d3 O-O 10. Nbd2 Nd7 11. Nf1 Nc5 12. Bc2 Ne6 13. g4 Bg6 14. Ng3 Ng5 15.
Kh2 Nxf3+ 16. Qxf3 Bg5 17. Be3 Kh8 18. Rg1 Qf6 19. Qxf6 Bxf6 20. g5 Bd8 21. h4
f6 22. h5 Be8 23. g6 hxg6 24. hxg6 Bxg6 25. Nf5 Bxf5 26. exf5 g5 27. fxg6 Kg7
28. Bh6+ Kxh6 29. g7 Rg8 30. Rg3 Rxg7 31. Rh3+ Kg5 32. Rg1+ Kf4 33. Rxg7 Be7
34. Bd1 e4 35. Rh4+ Kf5 36. Rxe4 1-0

[Event "39. Torneo de Ajedrez Villa de Mislata"]
[Site "Mislata ESP"]
[Date "2005.08.24"]
[Round "7.2"]
[White "Kovacevic, Slobodan"]
[Black "Veingold, Aleksandr"]
[Result "1/2-1/2"]
[WhiteElo "2314"]
[BlackElo "2465"]
[PlyCount "24"]
[EventDate "2005.08.18"]
[EventType "swiss"]
[EventRounds "9"]
[EventCountry "ESP"]
[Source "lmi"]
[SourceDate "2005.08.27"]

1. d4 Nf6 2. Bf4 d6 3. h3 g6 4. Nf3 Bg7 5. e3 O-O 6. Nbd2 Nbd7 7. Bc4 c5 8. O-O
cxd4 9. exd4 Nb6 10. Bb3 Bf5 11. Re1 Rc8 12. c3 Bd3 1/2-1/2